Loading...
| History - European | 0 | 3 | 0 | 1 | 30 | 80 | 101.00 | 0 | 0 | 7.34 | 7.27 |
| History - American | 0 | 1 | 0 | 0 | 10 | 85 | 85.00 | 0 | 1 | 3.10 | 8.18 |
| Current Events | 0 | 1 | 0 | 0 | 10 | 80 | 80.00 | 0 | 0 | 11.11 | 13.33 |
| Literature - British | 0 | 1 | 0 | 0 | 10 | 142 | 142.00 | 0 | 0 | 0.00 | 0.91 |
| Literature - World | 0 | 1 | 0 | 0 | 10 | 113 | 113.00 | 0 | 0 | 0.94 | 1.82 |
| Religion | 0 | 1 | 0 | 1 | 10 | 136 | 136.00 | 0 | 0 | 0.00 | 0.91 |
| Science - Biology | 0 | 1 | 0 | 0 | 10 | 110 | 110.00 | 0 | 0 | 1.03 | 2.73 |
| Science - Chemistry | 0 | 1 | 0 | 0 | 10 | 124 | 124.00 | 0 | 0 | 0.62 | 5.45 |
| Philosophy | 0 | 1 | 1 | 0 | 5 | 59 | 59.00 | 0 | 1 | 4.83 | 7.27 |
| Literature - American | 0 | 0 | 0 | 0 | 0 | 0.00 | 0 | 0 | 0.00 | 0.00 | |
| Science - Physics | 0 | 0 | 0 | 0 | 0 | 0.00 | 0 | 0 | 0.00 | 0.00 | |
| Literature - European | 0 | 0 | 1 | 0 | -5 | 0.00 | 0 | 0 | 0.00 | 0.00 | |
| Science - Other | 0 | 0 | 1 | 0 | -5 | 0.00 | 0 | 0 | 0.00 | 0.00 |